000 nam a22 a 4500
999 _c408040
_d408040
003 BLK
005 20210413171217.0
008 210413b bu |||||r|||| 00| | bu d
040 _aBLK
041 _aRUS
_cRUS
080 _aРуски език
_b811.161.1
_z811.161.1
100 _91412
_aПолевой, Петр Николаевич
_eсостав.
139 _aПолевой, Петр Николаевич
245 _aУчебная русская хрестоматия с толкованиями
_cсостав. П. Полевой
_nЧ. 1
_pМладший возраст
260 _9447860
_aС.-Петербург
_bД. Д. Полубояринов
_c1898
300 _c23 см
380 _a80
490 _9435080
_aКолекция Редки и ценни издания
650 0 _9262992
_aРуски език
653 7 _9198099
_aтекстове
653 7 _9200246
_aхристоматии
760 _aПолевой, Петр Николаевич
_dС.-Петербург, 1898
_h214, 27 с.
_oЧ. 1
_tМладший возраст
852 _aРр 898
_bРц
942 _2udc
_cKNG
_n0
_s1
944 _aCR
_c2021-04-13
_kГГГ